[Event "10th Philadelphia Open"]
[Site "Philadelphia"]
[Date "2016.03.25"]
[Round "4"]
[White "Wang, Qibiao"]
[Black "Berczes, David"]
[Result "1/2-1/2"]
[WhiteElo "2298"]
[BlackElo "2482"]
[PlyCount "97"]
[EventDate "2016.03.??"]
[EventType "swiss"]
[EventRounds "9"]
[EventCountry "USA"]
[Source "MonRoi"]

1. c4 e6 2. g3 d5 3. Bg2 d4 4. d3 c5 5. Nf3 Nc6 6. O-O Nf6 7. a3 a5 8. e3 Bd6
9. exd4 cxd4 10. Bg5 h6 11. Bxf6 Qxf6 12. Nbd2 Qd8 13. Qc2 O-O 14. c5 Be7 15.
b3 Bd7 16. Rac1 b6 17. cxb6 Bxa3 18. Ra1 Bb4 19. Nc4 Rb8 20. Nfd2 Bc3 21. Bxc6
Bxc6 22. Rxa5 Bxa5 23. Nxa5 Bd5 24. Ndc4 h5 25. Qe2 Rxb6 26. Nxb6 Qxb6 27. Nc4
Qxb3 28. Ne5 Bb7 29. f4 Qd5 30. Qf3 Rc8 31. Qxd5 Bxd5 32. Rb1 f6 33. Nd7 Rc2
34. Rb4 Rg2+ 35. Kf1 Rxh2 36. Rxd4 Rh1+ 37. Kf2 Rh2+ 38. Kf1 h4 39. gxh4 Rxh4
40. Kf2 Rh2+ 41. Ke3 Kf7 42. Nb6 Rh3+ 43. Ke2 Bf3+ 44. Kf2 Kg6 45. Nc4 Bh5 46.
Kg2 Bg4 47. Nd6 Re3 48. Nc4 Re2+ 49. Kg3 1/2-1/2

[Event "10th Philadelphia Open"]
[Site "Philadelphia"]
[Date "2016.03.25"]
[Round "4"]
[White "Wang, Kevin"]
[Black "Colas, Joshua"]
[Result "1/2-1/2"]
[WhiteElo "2323"]
[BlackElo "2374"]
[PlyCount "39"]
[EventDate "2016.03.??"]
[EventType "swiss"]
[EventRounds "9"]
[EventCountry "USA"]
[Source "MonRoi"]

1. d4 Nf6 2. c4 e6 3. g3 d5 4. Nf3 Bb4+ 5. Bd2 Be7 6. Bg2 O-O 7. O-O c6 8. Qc2
Nbd7 9. Bf4 Nh5 10. Bc1 f5 11. Nbd2 Rb8 12. Ne1 b5 13. b3 Qe8 14. Nd3 bxc4 15.
bxc4 Ba6 16. a4 Nhf6 17. Ba3 Bxa3 18. Rxa3 Qe7 19. Raa1 Ne4 20. c5 1/2-1/2

[Event "10th Philadelphia Open"]
[Site "Philadelphia"]
[Date "2016.03.25"]
[Round "4"]
[White "Zaloznyy, Mike"]
[Black "Friedel, Joshua"]
[Result "0-1"]
[WhiteElo "2150"]
[BlackElo "2519"]
[PlyCount "96"]
[EventDate "2016.03.??"]
[EventType "swiss"]
[EventRounds "9"]
[EventCountry "USA"]
[Source "MonRoi"]

1. e4 e5 2. Nf3 Nc6 3. Nc3 Nf6 4. d4 exd4 5. Nxd4 Bb4 6. Nxc6 bxc6 7. Bd3 O-O
8. O-O d5 9. exd5 cxd5 10. h3 Rb8 11. Qf3 Bb7 12. Bg5 Be7 13. Rae1 d4 14. Ne4
Nxe4 15. Bxe7 Qxe7 16. Bxe4 Bxe4 17. Rxe4 Qc5 18. c3 Rxb2 19. cxd4 Qd6 20. Rfe1
Rxa2 21. Re8 g6 22. Qa8 Rxe8 23. Rxe8+ Kg7 24. Rg8+ Kh6 25. g3 f5 26. Rd8 Qe7
27. Re8 Qf6 28. Qd5 Ra1+ 29. Kh2 Rf1 30. Re6 Qg5 31. Re2 Qc1 32. Qf3 Rd1 33.
Qa8 Re1 34. Qf8+ Kh5 35. g4+ fxg4 36. hxg4+ Kxg4 37. f3+ Kh5 38. Rxe1 Qxe1 39.
Qc5+ Kh4 40. Qd5 Qf2+ 41. Kh1 Kg3 42. Qg5+ Kxf3 43. d5 Qe1+ 44. Kh2 Qe2+ 45.
Kh1 Qe4 46. d6 cxd6 47. Qd2 Kg3+ 48. Kg1 Qb1+ 0-1

[Event "10th Philadelphia Open"]
[Site "Philadelphia"]
[Date "2016.03.25"]
[Round "4"]
[White "Betaneli, Alexander"]
[Black "Kretchetov, Alexandre"]
[Result "1-0"]
[WhiteElo "2201"]
[BlackElo "2288"]
[PlyCount "66"]
[EventDate "2016.03.??"]
[EventType "swiss"]
[EventRounds "9"]
[EventCountry "USA"]
[Source "MonRoi"]

1. c4 g6 2. g3 Bg7 3. Bg2 Nf6 4. Nc3 O-O 5. e4 c5 6. Nge2 Nc6 7. d3 d6 8. O-O
a6 9. h3 Rb8 10. a4 Ne8 11. Be3 Nd4 12. Rb1 a5 13. Nb5 Nxb5 14. axb5 Nc7 15. f4
f5 16. d4 cxd4 17. Bxd4 Ne6 18. Bxg7 Kxg7 19. exf5 gxf5 20. Kh2 Nc5 21. Qd4+
Kh6 22. Nc3 Rg8 23. Rbe1 b6 24. Nd5 Be6 25. b4 axb4 26. Nxb4 Bd7 27. Re3 Qf8
28. Rfe1 Rg7 29. Nd5 e6 30. Nf6 Bc8 31. g4 Kg6 32. gxf5+ exf5 33. Bd5 Kh6 1-0

[Event "10th Philadelphia Open"]
[Site "Philadelphia"]
[Date "2016.03.25"]
[Round "4"]
[White "Sinha, Sahil"]
[Black "Garcia, Erick"]
[Result "1/2-1/2"]
[WhiteElo "2073"]
[BlackElo "2246"]
[PlyCount "186"]
[EventDate "2016.03.??"]
[EventType "swiss"]
[EventRounds "9"]
[EventCountry "USA"]
[Source "MonRoi"]

1. d4 d5 2. c4 c6 3. cxd5 cxd5 4. Nc3 Nf6 5. Bf4 Nc6 6. e3 a6 7. Bd3 e6 8. Rc1
Bd6 9. Bxd6 Qxd6 10. f4 Bd7 11. Nf3 Qb4 12. Qd2 O-O 13. O-O Na5 14. Ne5 Bb5 15.
a3 Qd6 16. Bxb5 Nb3 17. Qd1 Nxc1 18. Ba4 b5 19. Bc2 b4 20. axb4 Qxb4 21. Qxc1
g6 22. Na4 Ne4 23. Nd3 Qb5 24. Nac5 Nxc5 25. Nxc5 Rfb8 26. b3 Rc8 27. Qd2 a5
28. Ra1 Qb4 29. Qd3 Rc6 30. Kf2 Kg7 31. Ra4 Qb8 32. Qc3 Qd8 33. g3 h5 34. Qa1
Rcc8 35. Bd3 Rcb8 36. Qc3 Rc8 37. Qc2 Qb6 38. Qa2 Qd8 39. Qa1 Rcb8 40. Ba6 g5
41. Rxa5 h4 42. Qc3 hxg3+ 43. hxg3 Qh8 44. Bf1 Rxa5 45. Qxa5 Ra8 46. Na6 Rc8
47. Qd2 Qh2+ 48. Bg2 Rh8 49. Qe2 Rc8 50. Nc5 Ra8 51. Nd3 Ra1 52. Ne1 Qh7 53. e4
gxf4 54. Qg4+ Kf8 55. Qxf4 dxe4 56. Qxe4 Qh6 57. Qc2 Rc1 58. Qd3 Qh5 59. Nf3
Qa5 60. Bf1 Rc3 61. Qd1 Qa2+ 62. Nd2 Rc2 63. Ke3 Rc3+ 64. Bd3 Qa5 65. Ne4 Rc7
66. Bc4 Qa3 67. Qf1 Rc6 68. g4 Qa7 69. Qf6 Qa1 70. g5 Qe1+ 71. Kf4 Qh4+ 72. Ke5
Qh2+ 73. Qf4 Qh8+ 74. Nf6 Ke7 75. Ke4 Qh1+ 76. Qf3 Qe1+ 77. Kf4 Qd2+ 78. Qe3
Qh2+ 79. Ke4 Qh1+ 80. Ke5 Qh2+ 81. Qf4 Qh8 82. Ke4 Qh1+ 83. Kd3 Qb1+ 84. Kc3
Qa1+ 85. Kd2 Qb2+ 86. Ke3 Qc1+ 87. Kf3 Qd1+ 88. Kg3 Qg1+ 89. Kh4 Qh1+ 90. Kg4
Qd1+ 91. Kg3 Qg1+ 92. Kf3 Qd1+ 93. Ke4 Qh1+ 1/2-1/2

[Event "10th Philadelphia Open"]
[Site "Philadelphia"]
[Date "2016.03.25"]
[Round "4"]
[White "Santarius, Erik"]
[Black "Xu, Runya"]
[Result "1-0"]
[WhiteElo "2343"]
[BlackElo "1981"]
[PlyCount "117"]
[EventDate "2016.03.??"]
[EventType "swiss"]
[EventRounds "9"]
[EventCountry "USA"]
[Source "MonRoi"]

1. d4 Nf6 2. Nf3 d5 3. c4 e6 4. Nc3 Be7 5. Bg5 O-O 6. Qc2 Nbd7 7. e3 h6 8. Bh4
c6 9. O-O-O dxc4 10. Bxc4 b5 11. Bb3 Nd5 12. Nxd5 cxd5 13. Bxe7 Qxe7 14. Kb1
Ba6 15. Qc7 Qd8 16. Rc1 Nb6 17. Qxd8 Rfxd8 18. Ne5 Nc4 19. Nd3 Rac8 20. Nc5 Rd6
21. Bc2 b4 22. a4 bxa3 23. b3 Rb8 24. Ka2 Na5 25. Kxa3 Kf8 26. Ra1 Nb7 27. Kb2
Nxc5 28. dxc5 Rc6 29. Ra5 Bb5 30. b4 Rc7 31. Kc3 Rcb7 32. Rha1 a6 33. Rb1 Ke7
34. Ba4 Be2 35. f4 g6 36. Bc6 Rc7 37. Ba4 Rcb7 38. Rb2 Bf1 39. Rf2 Bc4 40. Rb2
Bf1 41. g3 h5 42. Bc6 Rc7 43. Ba4 Rcb7 44. Bd1 Bb5 45. Bf3 Bf1 46. Ra1 Bb5 47.
e4 dxe4 48. Bxe4 Rd7 49. Rd2 Rxd2 50. Kxd2 h4 51. Kc3 Rd8 52. Bc2 hxg3 53. hxg3
Rh8 54. Bd3 Rh3 55. Bxb5 axb5 56. Ra7+ Ke8 57. c6 Rxg3+ 58. Kd4 g5 59. Ra8+ 1-0

[Event "10th Philadelphia Open"]
[Site "Philadelphia"]
[Date "2016.03.25"]
[Round "4"]
[White "Helfst, Matt"]
[Black "Harriott, Tyrell"]
[Result "0-1"]
[WhiteElo "1945"]
[BlackElo "2078"]
[PlyCount "72"]
[EventDate "2016.03.??"]
[EventType "swiss"]
[EventRounds "9"]
[EventCountry "USA"]
[Source "MonRoi"]

1. Nf3 d5 2. d4 e6 3. c4 c6 4. Qc2 f5 5. b3 Nf6 6. Nc3 Bd6 7. g3 O-O 8. Bg2 Ne4
9. O-O Nd7 10. a4 Qe7 11. c5 Bc7 12. b4 e5 13. dxe5 Nxe5 14. Nxe4 fxe4 15. Nd4
Ng4 16. Ra3 Qf6 17. Be3 Be5 18. Qd2 Bd7 19. Nc2 Qf7 20. Bd4 Bc7 21. f4 Qh5 22.
h4 Rf7 23. Bb2 Raf8 24. Ne3 Nh6 25. Raa1 Kh8 26. Rf2 Ng8 27. Raf1 Bc8 28. Bc3
Ne7 29. Bb2 Ng6 30. Qc3 Qh6 31. Ba1 Bd8 32. f5 Nxh4 33. gxh4 Bxh4 34. Rf4 Bg3
35. Ng4 Qh4 36. Qe5 h5 0-1

[Event "10th Philadelphia Open"]
[Site "Philadelphia"]
[Date "2016.03.25"]
[Round "5.1"]
[White "Li, Ruifeng"]
[Black "Indjic, Aleksandar"]
[Result "1-0"]
[WhiteElo "2486"]
[BlackElo "2542"]
[PlyCount "147"]
[EventDate "2016.03.??"]
[EventType "swiss"]
[EventRounds "9"]
[EventCountry "USA"]
[Source "MonRoi"]
[WhiteClock "0:08:31"]
[BlackClock "0:07:24"]

1. e4 c5 2. Nf3 d6 3. d4 cxd4 4. Nxd4 Nf6 5. Nc3 Nc6 6. Bg5 Bd7 7. Qd3 Rc8 8.
Be2 Qa5 9. Nxc6 Bxc6 10. Bd2 a6 11. Nd5 Qd8 12. Nxf6+ gxf6 13. O-O-O Qc7 14.
Be3 Rg8 15. Rhg1 Qa5 16. Kb1 Qe5 17. Bf3 f5 18. exf5 Bxf3 19. gxf3 Rxg1 20.
Rxg1 Qxh2 21. Re1 Qe5 22. Bd2 Qb5 23. Qxb5+ axb5 24. Rh1 Rc5 25. Rxh7 Rxf5 26.
Rh8 Rf6 27. c3 Rg6 28. Rh5 e5 29. f4 f6 30. fxe5 dxe5 31. Kc2 Kd7 32. Be3 Ke6
33. Rh8 Bd6 34. Rh7 Be7 35. Rh8 f5 36. Rb8 f4 37. Ba7 Bh4 38. Kd3 Kf5 39. Rxb7
e4+ 40. Ke2 f3+ 41. Kf1 Ra6 42. a3 Kg4 43. Bd4 Bf6 44. Be3 Rd6 45. Ke1 Rd5 46.
Rf7 Be5 47. Rf8 Rd3 48. Rc8 Rd5 49. Rc5 Rxc5 50. Bxc5 Bf4 51. b3 Kf5 52. c4
bxc4 53. bxc4 Ke6 54. a4 Kd7 55. a5 Kc6 56. a6 Bg5 57. Kf1 Bf4 58. Ke1 Bg5 59.
Bd4 Bf4 60. a7 Kb7 61. Bb6 Ka8 62. Bc5 Kb7 63. Bd4 Ka8 64. Bb6 Bg5 65. c5 e3
66. c6 exf2+ 67. Kxf2 Bf4 68. Kxf3 Bg3 69. Ke4 Bh2 70. Kd5 Bg3 71. Ke6 Bh2 72.
Kd7 Bf4 73. Ba5 Bg3 74. Bb4 1-0

[Event "10th Philadelphia Open"]
[Site "Philadelphia"]
[Date "2016.03.25"]
[Round "5.2"]
[White "Sevian, Samuel"]
[Black "Chandra, Akshat"]
[Result "1/2-1/2"]
[WhiteElo "2580"]
[BlackElo "2491"]
[PlyCount "66"]
[EventDate "2016.03.??"]
[EventType "swiss"]
[EventRounds "9"]
[EventCountry "USA"]
[Source "MonRoi"]
[WhiteClock "0:12:23"]
[BlackClock "0:16:29"]

1. e4 c5 2. Nf3 e6 3. d4 cxd4 4. Nxd4 Nc6 5. Nc3 Qc7 6. g3 a6 7. Bg2 Nf6 8. O-O
h5 9. Nxc6 bxc6 10. Bf4 e5 11. Bg5 Be7 12. Na4 d6 13. c4 c5 14. a3 Be6 15. Qc2
Nd7 16. Be3 O-O 17. b3 Nb8 18. f4 f6 19. Qd1 Nc6 20. Qxh5 Rfb8 21. f5 Bf7 22.
Qd1 Na5 23. Rb1 Rb7 24. Bd2 Rab8 25. Bxa5 Qxa5 26. Qc2 Be8 27. Bf3 Bd8 28. h4
Rxb3 29. Rxb3 Bxa4 30. Rfb1 Bxb3 31. Rxb3 Qa4 32. Bd1 Rxb3 33. Qxb3 Qxb3
1/2-1/2

[Event "10th Philadelphia Open"]
[Site "Philadelphia"]
[Date "2016.03.25"]
[Round "5.3"]
[White "Margvelashvili, Giorgi"]
[Black "Liang, Awonder"]
[Result "1/2-1/2"]
[WhiteElo "2532"]
[BlackElo "2405"]
[PlyCount "41"]
[EventDate "2016.03.??"]
[EventType "swiss"]
[EventRounds "9"]
[EventCountry "USA"]
[Source "MonRoi"]
[WhiteClock "0:47:40"]
[BlackClock "0:41:05"]

1. Nf3 Nf6 2. c4 c5 3. g3 d5 4. cxd5 Nxd5 5. Bg2 Nc6 6. Nc3 Nc7 7. Qa4 Bd7 8.
Qe4 g6 9. Ne5 Bg7 10. Nxd7 Qxd7 11. Qa4 O-O 12. Bxc6 Qxc6 13. Qxc6 bxc6 14. b3
Nb5 15. Bb2 Nxc3 16. Bxc3 Bxc3 17. dxc3 Rfd8 18. e3 Kf8 19. Ke2 e6 20. Rhd1 Ke7
21. Rd3 1/2-1/2

[Event "10th Philadelphia Open"]
[Site "Philadelphia"]
[Date "2016.03.25"]
[Round "5.4"]
[White "Li, Ben"]
[Black "Chirila, Ioan"]
[Result "0-1"]
[WhiteElo "2196"]
[BlackElo "2524"]
[PlyCount "96"]
[EventDate "2016.03.??"]
[EventType "swiss"]
[EventRounds "9"]
[EventCountry "USA"]
[Source "MonRoi"]
[WhiteClock "0:22:50"]
[BlackClock "0:03:16"]

1. d4 Nf6 2. c4 g6 3. f3 Nc6 4. Nc3 d5 5. e4 dxe4 6. d5 Ne5 7. fxe4 Bg7 8. Nf3
Nxf3+ 9. gxf3 c6 10. Be3 cxd5 11. cxd5 O-O 12. Bc4 Bh3 13. Qe2 a6 14. O-O-O Ne8
15. Bd4 Bxd4 16. Rxd4 e5 17. dxe6 Qxd4 18. e7 Nf6 19. exf8=Q+ Rxf8 20. Rd1 Qe5
21. Kb1 Rc8 22. Bb3 Be6 23. Bxe6 Qxe6 24. Qd2 h5 25. Qf4 Nd7 26. Rd6 Qe5 27.
Qd2 Nc5 28. f4 Qe7 29. e5 Qh4 30. a3 Qh3 31. Ka2 Kg7 32. Qd5 Rc7 33. e6 Qe3 34.
f5 fxe6 35. Qg2 g5 36. f6+ Kh6 37. Rd8 Qf4 38. Qc2 Qxf6 39. Rg8 Qf5 40. Qd2 Rd7
41. Qe3 Rd3 42. Qe2 Rf3 43. h4 Nd3 44. Qd1 Rf1 45. Rxg5 Nc1+ 46. Ka1 Nb3+ 47.
Ka2 Rxd1 48. Rxf5 Ra1+ 0-1

[Event "10th Philadelphia Open"]
[Site "Philadelphia"]
[Date "2016.03.25"]
[Round "5"]
[White "Pozo Vera, Sandro"]
[Black "Balakrishnan, Praveen"]
[Result "1/2-1/2"]
[WhiteElo "2439"]
[BlackElo "2377"]
[PlyCount "49"]
[EventDate "2016.03.??"]
[EventType "swiss"]
[EventRounds "9"]
[EventCountry "USA"]
[Source "MonRoi"]

1. d4 Nf6 2. c4 e6 3. Nf3 d5 4. Nc3 Bb4 5. e3 O-O 6. Bd3 c5 7. O-O cxd4 8. exd4
dxc4 9. Bxc4 a6 10. Bg5 b5 11. Bb3 Bb7 12. Qd3 Be7 13. Rad1 b4 14. Bxf6 Bxf6
15. Ne4 Bd5 16. Nxf6+ gxf6 17. Rc1 Nc6 18. Bxd5 Qxd5 19. Rc5 Qd7 20. Rfc1 Ne7
21. Rh5 Ng6 22. Qe3 Rfc8 23. Re1 Qd6 24. g3 Qf8 25. Rc5 1/2-1/2

[Event "10th Philadelphia Open"]
[Site "Philadelphia"]
[Date "2016.03.25"]
[Round "5"]
[White "Kadric, Denis"]
[Black "Ludwig, John"]
[Result "1-0"]
[WhiteElo "2546"]
[BlackElo "2319"]
[PlyCount "75"]
[EventDate "2016.03.??"]
[EventType "swiss"]
[EventRounds "9"]
[EventCountry "USA"]
[Source "MonRoi"]

1. e4 c5 2. Nf3 d6 3. Bb5+ Bd7 4. Bxd7+ Qxd7 5. c4 Nc6 6. Nc3 Nf6 7. d4 cxd4 8.
Nxd4 e6 9. O-O Be7 10. Be3 O-O 11. f4 Nxd4 12. Bxd4 Qc6 13. Qe2 Rac8 14. b3 a6
15. Rae1 Rfe8 16. Kh1 Nd7 17. Qh5 g6 18. Qh3 b5 19. f5 exf5 20. exf5 Bf6 21.
fxg6 hxg6 22. Rd1 Be5 23. Nd5 f5 24. Qh6 Nf8 25. Nf6+ Kf7 26. Nxe8 Rxe8 27.
Bxe5 Rxe5 28. cxb5 axb5 29. Qd2 Ke7 30. Rf3 Ne6 31. Rd3 Qe4 32. Rxd6 f4 33. Rd5
f3 34. Rxe5 fxg2+ 35. Qxg2 Qxe5 36. Qxg6 Nf4 37. Qh7+ Kf6 38. Qh8+ 1-0

[Event "10th Philadelphia Open"]
[Site "Philadelphia"]
[Date "2016.03.25"]
[Round "5"]
[White "Friedel, Joshua"]
[Black "Wang, Qibiao"]
[Result "1/2-1/2"]
[WhiteElo "2519"]
[BlackElo "2298"]
[PlyCount "78"]
[EventDate "2016.03.??"]
[EventType "swiss"]
[EventRounds "9"]
[EventCountry "USA"]
[Source "MonRoi"]

1. d4 Nf6 2. c4 e6 3. Nf3 Bb4+ 4. Bd2 Bxd2+ 5. Qxd2 d5 6. g3 O-O 7. Bg2 c6 8.
O-O Nbd7 9. Rc1 b6 10. a4 Ba6 11. cxd5 cxd5 12. Nc3 Rc8 13. Nb5 Rxc1+ 14. Rxc1
Qb8 15. Qf4 h6 16. Qxb8 Rxb8 17. Nxa7 Bxe2 18. b4 Ne8 19. Rc8 Rxc8 20. Nxc8 f6
21. Ne1 Ba6 22. Na7 Kf7 23. Bf1 Nc7 24. Nc2 Bxf1 25. Kxf1 g5 26. Ke2 e5 27. a5
Ke6 28. Na3 bxa5 29. bxa5 Nb8 30. N3b5 Kd7 31. Nxc7 Kxc7 32. h4 gxh4 33. gxh4
Kb7 34. Nb5 Kc6 35. Na3 exd4 36. Kd3 Kc5 37. Nc2 Nc6 38. f4 Nxa5 39. Nxd4 Nc6
1/2-1/2

[Event "10th Philadelphia Open"]
[Site "Philadelphia"]
[Date "2016.03.25"]
[Round "5"]
[White "Berczes, David"]
[Black "Brodsky, David"]
[Result "1-0"]
[WhiteElo "2482"]
[BlackElo "2259"]
[PlyCount "77"]
[EventDate "2016.03.??"]
[EventType "swiss"]
[EventRounds "9"]
[EventCountry "USA"]
[Source "MonRoi"]

1. Nf3 d5 2. c4 c6 3. g3 Nf6 4. Bg2 Bf5 5. O-O e6 6. cxd5 exd5 7. d3 Be7 8. Nc3
O-O 9. Nd4 Bg6 10. e4 Na6 11. e5 Nd7 12. f4 Bc5 13. Be3 h6 14. Na4 Qe7 15. Nxc5
Ndxc5 16. f5 Qxe5 17. Qd2 Bh7 18. Nxc6 bxc6 19. d4 Qd6 20. dxc5 Nxc5 21. b4 Nd7
22. b5 Nf6 23. Rac1 Rfc8 24. Qc3 Ne4 25. Bxe4 dxe4 26. bxc6 Qd5 27. Qc4 Qxc4
28. Rxc4 Rab8 29. g4 h5 30. h3 hxg4 31. hxg4 f6 32. Rd1 g6 33. c7 Ra8 34. g5
gxf5 35. gxf6 Bg6 36. Rd7 Bf7 37. Rc2 Be6 38. Rg2+ Kh8 39. Rh2+ 1-0

[Event "10th Philadelphia Open"]
[Site "Philadelphia"]
[Date "2016.03.25"]
[Round "5"]
[White "Mulyar, Michael"]
[Black "Toolin, Christopher"]
[Result "1-0"]
[WhiteElo "2398"]
[BlackElo "2220"]
[PlyCount "101"]
[EventDate "2016.03.??"]
[EventType "swiss"]
[EventRounds "9"]
[EventCountry "USA"]
[Source "MonRoi"]

1. d4 Nf6 2. Nf3 e6 3. c4 d5 4. Nc3 Bb4 5. g3 O-O 6. Bg2 c6 7. O-O Nbd7 8. a3
Be7 9. Nd2 b6 10. cxd5 cxd5 11. e4 dxe4 12. Ndxe4 Nd5 13. Nxd5 exd5 14. Nc3 Nf6
15. Bg5 Be6 16. Qb3 Rc8 17. Rfd1 Qd7 18. Rac1 Rfd8 19. Bf1 h6 20. Bf4 g5 21.
Be3 Bh3 22. Qb5 Bxf1 23. Qxd7 Rxd7 24. Kxf1 Kg7 25. Ke2 Kg6 26. Nxd5 Rcd8 27.
Nxf6 Bxf6 28. Rc4 Rd5 29. b4 g4 30. Rc7 a5 31. Rc6 axb4 32. axb4 Rb5 33. d5
Rbxd5 34. Rxd5 Rxd5 35. Bxb6 Kf5 36. Bc5 h5 37. Rd6 Rxd6 38. Bxd6 Ke4 39. Bc5
Be5 40. b5 Bb8 41. Be3 Be5 42. b6 Kd5 43. Kd3 f5 44. Bf4 Bxf4 45. gxf4 Kc6 46.
Kd4 Kxb6 47. Ke5 Kc5 48. Kxf5 Kd5 49. Kg5 Ke4 50. f5 Kf3 51. Kxh5 1-0

[Event "10th Philadelphia Open"]
[Site "Philadelphia"]
[Date "2016.03.25"]
[Round "5"]
[White "Ostrovskiy, Aleksandr"]
[Black "Betaneli, Alexander"]
[Result "1/2-1/2"]
[WhiteElo "2387"]
[BlackElo "2201"]
[PlyCount "102"]
[EventDate "2016.03.??"]
[EventType "swiss"]
[EventRounds "9"]
[EventCountry "USA"]
[Source "MonRoi"]

1. e4 e5 2. Nf3 Nc6 3. Bb5 a6 4. Ba4 d6 5. c3 Bd7 6. O-O g6 7. d4 Bg7 8. h3 Nf6
9. Re1 O-O 10. Nbd2 Qe8 11. Bc2 Nh5 12. Nc4 Qc8 13. dxe5 dxe5 14. Ne3 Ne7 15.
Nc4 Rd8 16. Qe2 Nc6 17. Bg5 f6 18. Be3 Nf4 19. Bxf4 exf4 20. a4 Be6 21. a5 Qd7
22. b4 Qf7 23. Ncd2 g5 24. b5 axb5 25. Qxb5 Kh8 26. a6 Na7 27. axb7 Nxb5 28.
Rxa8 Qf8 29. Rea1 Nd6 30. Rxd8 Qxd8 31. Ra8 Nxb7 32. Rxd8+ Nxd8 33. Nd4 Bd7 34.
Bb3 Bf8 35. Kf1 Bc5 36. Ke2 Kg7 37. Nf5+ Kg6 38. Nf3 Bxf5 39. exf5+ Kxf5 40.
Bc2+ Ke6 41. Bxh7 Nc6 42. Bg8+ Kf5 43. Bd5 Ne5 44. Nd2 Be7 45. Be4+ Ke6 46. Nb3
c5 47. Nd2 f5 48. Bb1 Kf6 49. Ba2 Bd8 50. Nf3 Nxf3 51. gxf3 Ke5 1/2-1/2

[Event "10th Philadelphia Open"]
[Site "Philadelphia"]
[Date "2016.03.25"]
[Round "5"]
[White "Colas, Joshua"]
[Black "Der Manuelian, Haik"]
[Result "1-0"]
[WhiteElo "2374"]
[BlackElo "2147"]
[PlyCount "109"]
[EventDate "2016.03.??"]
[EventType "swiss"]
[EventRounds "9"]
[EventCountry "USA"]
[Source "MonRoi"]

1. d4 d5 2. c4 e6 3. Nc3 Be7 4. Nf3 Nf6 5. cxd5 exd5 6. Bg5 c6 7. e3 Bf5 8. Bd3
Bxd3 9. Qxd3 Nbd7 10. O-O h6 11. Bh4 O-O 12. Nd2 Nh5 13. Bxe7 Qxe7 14. Rfe1
Nhf6 15. Rab1 a5 16. f3 Rfd8 17. a3 a4 18. Qc2 Nb6 19. Rbd1 Qe6 20. Nf1 Ne8 21.
Ng3 Nd6 22. e4 Qg6 23. Qf2 Re8 24. e5 Nf5 25. Nge2 Qg5 26. f4 Qg6 27. Nc1 Nc4
28. Nd3 b6 29. Nb4 b5 30. Nd3 h5 31. Na2 Nh6 32. Nab4 Rac8 33. Re2 Qf5 34. Rde1
Re6 35. Nc5 Rg6 36. e6 fxe6 37. Nxe6 Ng4 38. Qf3 Re8 39. Ng5 Rxe2 40. Qxe2 Nce3
41. Qf3 Qf6 42. Rxe3 Qxd4 43. Nc2 Qc5 44. h3 Nxe3 45. Nxe3 Qd4 46. Kh1 Qxb2 47.
Nd1 Qf6 48. h4 Rh6 49. Nc3 Kf8 50. Ne2 Ke8 51. Kh2 Kd7 52. Qe3 Kc8 53. Nd4 Kb7
54. Nde6 Qe7 55. Nc5+ 1-0

[Event "10th Philadelphia Open"]
[Site "Philadelphia"]
[Date "2016.03.25"]
[Round "5"]
[White "Hilby, Craig"]
[Black "Kim, Yoon-young"]
[Result "1-0"]
[WhiteElo "2343"]
[BlackElo "2109"]
[PlyCount "87"]
[EventDate "2016.03.??"]
[EventType "swiss"]
[EventRounds "9"]
[EventCountry "USA"]
[Source "MonRoi"]

1. e4 e5 2. Nf3 Nc6 3. Nc3 Nf6 4. Bb5 Bd6 5. d3 a6 6. Ba4 h6 7. a3 Qe7 8. b4 b5
9. Bb3 Bb7 10. O-O O-O 11. Nh4 Rfe8 12. Nf5 Qf8 13. Nd5 Nxd5 14. Bxd5 Nd8 15.
Bb3 Ne6 16. c3 a5 17. Qg4 Kh7 18. Be3 Be7 19. Nxe7 Qxe7 20. Qf5+ Kg8 21. Qxe5
d6 22. Qf5 c5 23. f4 Qc7 24. Qg4 c4 25. dxc4 bxc4 26. Bc2 Nf8 27. f5 f6 28.
Bxh6 Kh8 29. Bd2 Nd7 30. Rf3 Ne5 31. Qh4+ Kg8 32. Rg3 Rf8 33. Bh6 axb4 34.
Rxg7+ Qxg7 35. Bxg7 Kxg7 36. cxb4 Rh8 37. Qf2 Bc6 38. Qb6 Kf7 39. Qc7+ Bd7 40.
Qxd6 Rag8 41. Rd1 Nf3+ 42. Kf2 Ne5 43. h3 Rg7 44. Qc7 1-0

[Event "10th Philadelphia Open"]
[Site "Philadelphia"]
[Date "2016.03.25"]
[Round "5"]
[White "Peng, David"]
[Black "Panchanathan, Magesh"]
[Result "1/2-1/2"]
[WhiteElo "2241"]
[BlackElo "2550"]
[PlyCount "113"]
[EventDate "2016.03.??"]
[EventType "swiss"]
[EventRounds "9"]
[EventCountry "USA"]
[Source "MonRoi"]

1. e4 e5 2. Nf3 Nc6 3. Bb5 a6 4. Ba4 Nf6 5. d3 d6 6. c3 Be7 7. O-O O-O 8. Re1
b5 9. Bc2 d5 10. Nbd2 h6 11. Qe2 Be6 12. h3 Re8 13. Nf1 Bd6 14. Ng3 Bf8 15. d4
dxe4 16. Nxe4 Nd7 17. dxe5 Bc4 18. Qe3 Ndxe5 19. Rd1 Qe7 20. b3 Be6 21. Nxe5
Nxe5 22. Qg3 Ng6 23. Be3 Bf5 24. f3 Rad8 25. Re1 Kh8 26. Bd4 c5 27. Be3 Qe5 28.
Qxe5 Nxe5 29. Rad1 c4 30. Bd4 Nc6 31. Bb6 Rb8 32. Bf2 Bg6 33. g4 b4 34. f4 cxb3
35. axb3 f5 36. Nc5 bxc3 37. gxf5 Bh5 38. Rc1 Nb4 39. Ne4 Rbc8 40. Bd4 Nxc2 41.
Rxc2 Bf3 42. Be5 Be7 43. Rxc3 Rxc3 44. Nxc3 Bc5+ 45. Kh2 Rf8 46. Kg3 Bc6 47.
Na4 Bb4 48. Rc1 Bd5 49. Nb6 Bg8 50. Rc7 Rf7 51. Rc6 Kh7 52. Nd5 Be1+ 53. Kg4
Rd7 54. Ne3 a5 55. f6 gxf6 56. Rxf6 Bxb3 57. Rf8 1/2-1/2

[Event "10th Philadelphia Open"]
[Site "Philadelphia"]
[Date "2016.03.25"]
[Round "5"]
[White "Gorti, Akshita"]
[Black "Santarius, Erik"]
[Result "0-1"]
[WhiteElo "2199"]
[BlackElo "2343"]
[PlyCount "110"]
[EventDate "2016.03.??"]
[EventType "swiss"]
[EventRounds "9"]
[EventCountry "USA"]
[Source "MonRoi"]

1. d4 d5 2. c4 e6 3. Nf3 Nf6 4. Nc3 c6 5. e3 Nbd7 6. Qc2 Bd6 7. g4 h6 8. h3 O-O
9. Bd2 dxc4 10. e4 e5 11. Bxc4 b5 12. Bb3 exd4 13. Nxd4 Nc5 14. O-O-O b4 15.
Na4 Ncxe4 16. Be3 Qe8 17. Rhe1 c5 18. Nf5 Bxf5 19. gxf5 Qc6 20. Kb1 Rad8 21.
Rg1 Kh7 22. f3 Ng3 23. Bxc5 Bxc5 24. Rxd8 Rxd8 25. Rxg3 Qd6 26. Rg2 Be3 27.
Bxf7 Kh8 28. Be6 Qf4 29. Re2 Qxf3 30. Re1 Ne4 31. Qe2 Nd2+ 32. Ka1 Qxe2 33.
Rxe2 Nf3 34. a3 Nd4 35. Rg2 bxa3 36. bxa3 g5 37. Bc4 Nxf5 38. Ka2 Bf4 39. Re2
Kg7 40. Kb2 Be3 41. Bb3 Bd4+ 42. Ka2 h5 43. Rc2 Kf6 44. Nc5 Bxc5 45. Rxc5 Rd2+
46. Kb1 Nd4 47. Ba4 g4 48. hxg4 hxg4 49. Rc3 Ke5 50. Bd7 Ne2 51. Rc5+ Kd6 52.
Rg5 Kxd7 53. Rxg4 Kc6 54. a4 Kc5 55. Rg5+ Kb4 0-1

[Event "10th Philadelphia Open"]
[Site "Philadelphia"]
[Date "2016.03.25"]
[Round "5"]
[White "Hong, Andrew"]
[Black "Zaloznyy, Mike"]
[Result "1/2-1/2"]
[WhiteElo "2266"]
[BlackElo "2150"]
[PlyCount "48"]
[EventDate "2016.03.??"]
[EventType "swiss"]
[EventRounds "9"]
[EventCountry "USA"]
[Source "MonRoi"]

1. e4 d6 2. d4 Nf6 3. Nc3 e5 4. Nf3 Nbd7 5. g4 Nxg4 6. Rg1 exd4 7. Nxd4 Nde5 8.
h3 Nf6 9. Be3 c5 10. Nb3 a6 11. f4 Ng6 12. Qf3 Bd7 13. O-O-O Qc7 14. Qf2 Bc6
15. e5 Ne4 16. Nxe4 Bxe4 17. exd6 Bxd6 18. Nxc5 Bxc5 19. Bxc5 Rc8 20. Bg2 Qxc5
21. Qxc5 Rxc5 22. Bxe4 Nxf4 23. Rxg7 Ne6 24. Rg3 Rc7 1/2-1/2

[Event "10th Philadelphia Open"]
[Site "Philadelphia"]
[Date "2016.03.25"]
[Round "5"]
[White "Kretchetov, Alexandre"]
[Black "Bhatty, Karan"]
[Result "1/2-1/2"]
[WhiteElo "2288"]
[BlackElo "2168"]
[PlyCount "47"]
[EventDate "2016.03.??"]
[EventType "swiss"]
[EventRounds "9"]
[EventCountry "USA"]
[Source "MonRoi"]

1. d4 d5 2. c4 dxc4 3. Nf3 a6 4. e3 b5 5. a4 Bb7 6. b3 Nf6 7. bxc4 bxc4 8. Bxc4
e6 9. O-O c5 10. Bb2 Nbd7 11. Nbd2 Be7 12. Qe2 cxd4 13. Nxd4 Ba3 14. Rxa3 Qe7
15. Raa1 O-O 16. Rfb1 Nc5 17. f3 Rfd8 18. N2b3 Nxb3 19. Nxb3 a5 20. e4 Bc6 21.
Qe3 Qb4 22. Bf1 h6 23. Qc5 Bxa4 24. Qxb4 1/2-1/2